000 01156nam a22002415i 4500
001 160857
003 ES-MaACL
005 20250729045523.0
008 041001s1847 sp |||| | spa d
040 _aCAM
_bspa
_cCAM
080 _a55/59
100 1 _aObrador, Bartolomé
_eaut
_9130584
245 1 0 _aHistoria natural médica :
_bsegundo año : número y orden de las lecciones de esta clase, con el programa de las materias de que se tratará en cada una de ellas, en el curso académico de 1847 á 1848 /
_cque publica... Bartolomé Obrador.
260 _aMadrid :
_b[s.n.,
_c1847?]
_f(Imp. del Colegio de Sordo-Mudos)
300 _a30 páginas ;
_c19 cm.
594 _aPrecede al tít.: Universidad de Madrid. Facultad de Medicina.
650 7 _aCiencias naturales-
_xEnseñanza
_2
_9151698
710 2 _aUniversidad de Madrid.
_bFacultad de Medicina
_eisb
_97215
852 _aES-MaACL
_cDEPOF
_fSello de "Los Escolares Médicos"
_gAn. ms. de Gustavo Sáenz Díez
_jT-367-F-15
_xEnc. en un vol. facticio
_xHolandesa, falto de cub. original
942 _2udc
_cFOLLETOS
_n0
999 _c160857
_d160857